[Event "CE Selecciones Autonómicas U14"]
[Site "Padrón"]
[Date "2017.06.24"]
[Round "5.1"]
[White "Tabuenca Mendataurigoitia, Pedro"]
[Black "Perez Guerra, Raul"]
[Result "0-1"]
[WhiteElo "1451"]
[BlackElo "1951"]
[PlyCount "104"]
[EventDate "2017.06.22"]
[EventType ""]
[EventRounds "6"]
[EventCountry "ESP"]
[WhiteTeam "Cantabria (U14)"]
[BlackTeam "Canarias (U14)"]
[WhiteTeamCountry "ESP"]
[BlackTeamCountry "ESP"]

1. e4 e6 2. d4 d5 3. Nd2 Nf6 4. e5 Ne4 5. Bd3 Nxd2 6. Qxd2 c5 7. c3 Nc6 8. Nf3
cxd4 9. O-O dxc3 10. Qxc3 Be7 11. a3 Bd7 12. Bd2 Rc8 13. Qb3 O-O 14. Rac1 f6
15. Bc3 fxe5 16. Nxe5 Bf6 17. Nf3 Bxc3 18. Qxc3 Qf6 19. Qd2 e5 20. Bc4 dxc4 21.
Qxd7 Rcd8 22. Qxb7 e4 23. Rxc4 Na5 24. Qxe4 Rfe8 25. Qg4 Nxc4 26. Qxc4+ Qe6 27.
Qxe6+ Rxe6 28. Rc1 Red6 29. Kf1 Rd1+ 30. Rxd1 Rxd1+ 31. Ke2 Rb1 32. b4 Ra1 33.
Nd4 Rxa3 34. Nc2 Rb3 35. g3 Kf7 36. h4 Ke8 37. Kd2 Kd7 38. Ke2 Kd6 39. Kd2 Kd5
40. Ne3+ Rxe3 41. fxe3 Kc4 42. e4 Kxb4 43. Kd3 Kc5 44. Kc3 h5 45. Kd3 a5 46.
Kc3 a4 47. Kd3 a3 48. Kc3 a2 49. Kb2 Kd4 50. Kxa2 Kxe4 51. Kb3 Kf3 52. Kc3 Kxg3
0-1

[Event "CE Selecciones Autonómicas U14"]
[Site "Padrón"]
[Date "2017.06.24"]
[Round "5.2"]
[White "Rodriguez Redondo, Adhara"]
[Black "San Miguel Torre, Saul"]
[Result "1-0"]
[WhiteElo "1782"]
[BlackElo "1233"]
[PlyCount "127"]
[EventDate "2017.06.22"]
[EventType ""]
[EventRounds "6"]
[EventCountry "ESP"]
[WhiteTeam "Canarias (U14)"]
[BlackTeam "Cantabria (U14)"]
[WhiteTeamCountry "ESP"]
[BlackTeamCountry "ESP"]

1. e4 c5 2. Nf3 d6 3. d4 cxd4 4. Nxd4 Nf6 5. Nc3 a6 6. Be2 e5 7. Nf3 Be7 8. a4
Nc6 9. O-O O-O 10. h3 h6 11. Be3 Be6 12. Qd2 Qc7 13. Rfd1 Rac8 14. Kh1 Rfd8 15.
Qc1 d5 16. exd5 Nxd5 17. Nxd5 Rxd5 18. Rxd5 Bxd5 19. c3 Be6 20. Qe1 Rd8 21. b4
f6 22. a5 Rd6 23. Bb6 Qc8 24. Nd2 Qe8 25. Ne4 Rd7 26. Ng3 Bf7 27. Bg4 Rd5 28.
Nf5 Bg6 29. Qe4 Rd2 30. Nxe7+ Nxe7 31. Be6+ Kh8 32. Qxb7 Nf5 33. Bxf5 Bxf5 34.
Be3 Rd6 35. Qf3 Be6 36. Re1 Bd5 37. Qg3 Qf7 38. Bc5 Rd7 39. Kh2 Bc4 40. f4 exf4
41. Qxf4 Rd8 42. Re7 Qg6 43. Qxc4 Rd2 44. Qg4 Qxg4 45. hxg4 Rc2 46. Bd4 Kh7 47.
Ra7 Re2 48. Bxf6 Kg8 49. Rxg7+ Kf8 50. Ra7 Rf2 51. Rxa6 Rf4 52. Kg3 Rc4 53. Bd4
Ke7 54. Rxh6 Rc8 55. a6 Ra8 56. a7 Kf7 57. b5 Kg8 58. Rh8+ Kf7 59. Rxa8 Ke7 60.
Rh8 Kd7 61. a8=Q Ke6 62. Rh6+ Kf7 63. Qb7+ Kg8 64. Rh8# 1-0

[Event "CE Selecciones Autonómicas U14"]
[Site "Padrón"]
[Date "2017.06.24"]
[Round "5.3"]
[White "Abian Lopez, Marta"]
[Black "Shi, Yuhang"]
[Result "0-1"]
[WhiteElo "1169"]
[BlackElo "1730"]
[PlyCount "116"]
[EventDate "2017.06.22"]
[EventType ""]
[EventRounds "6"]
[EventCountry "ESP"]
[WhiteTeam "Cantabria (U14)"]
[BlackTeam "Canarias (U14)"]
[WhiteTeamCountry "ESP"]
[BlackTeamCountry "ESP"]

1. e4 e6 2. d4 d5 3. exd5 exd5 4. Bd3 Bd6 5. Nf3 Nf6 6. O-O O-O 7. Bg5 Bg4 8.
Nbd2 Nc6 9. c3 h6 10. Bh4 g5 11. Bg3 Nh5 12. Bxd6 Qxd6 13. h3 Nf4 14. Bc2 Be6
15. Nb3 b6 16. Nc1 Qd7 17. Ne2 Nxg2 18. Qd3 f6 19. Qg6+ Qg7 20. Qxg7+ Kxg7 21.
Kxg2 Rf7 22. Ng3 f5 23. Rfe1 Nd8 24. Ne5 Rf8 25. Nh5+ Kh7 26. f4 c5 27. dxc5
bxc5 28. Rad1 Rc8 29. Bb3 c4 30. Ba4 Rc7 31. Re3 Bc8 32. Rg3 Ne6 33. Bc2 Bb7
34. Kh2 gxf4 35. Nxf4 Nxf4 36. Rf3 Re7 37. Rxf4 Rxe5 38. Rdf1 Re2+ 39. R1f2
Rxf2+ 40. Rxf2 Kg6 41. Rg2+ Kf6 42. Rf2 Bc8 43. h4 Rg8 44. Rg2 Rxg2+ 45. Kxg2
Ke5 46. Kf3 f4 47. b3 Bf5 48. Bxf5 Kxf5 49. bxc4 dxc4 50. a3 h5 51. a4 a5 52.
Kf2 Kg4 53. Kg2 f3+ 54. Kf2 Kf4 55. Kf1 Ke3 56. Ke1 Kd3 57. Kf2 Kxc3 58. Kxf3
Kd2 0-1

[Event "CE Selecciones Autonómicas U14"]
[Site "Padrón"]
[Date "2017.06.24"]
[Round "5.4"]
[White "Hernandez Guerra, Luna Yue"]
[Black "Gomez Larrinaga, Maria"]
[Result "1-0"]
[WhiteElo "1535"]
[BlackElo "1163"]
[PlyCount "57"]
[EventDate "2017.06.22"]
[EventType ""]
[EventRounds "6"]
[EventCountry "ESP"]
[WhiteTeam "Canarias (U14)"]
[BlackTeam "Cantabria (U14)"]
[WhiteTeamCountry "ESP"]
[BlackTeamCountry "ESP"]

1. e4 e5 2. Nf3 Nc6 3. d4 exd4 4. Nxd4 Be7 5. Nc3 d6 6. Bc4 Nf6 7. Bf4 Bd7 8.
O-O O-O 9. Bg3 Bg4 10. f3 Bh5 11. Nf5 Re8 12. Qd2 Bg6 13. Nh4 Ne5 14. Bb3 Nh5
15. Nxg6 Nxg6 16. Qd5 Nxg3 17. Qxf7+ Kh8 18. hxg3 Rf8 19. Qd5 c6 20. Qh5 Qe8
21. f4 Bf6 22. Rae1 Rd8 23. g4 Bxc3 24. bxc3 Nxf4 25. Qh2 Qe5 26. Rf3 Ng6 27.
Rf5 Qxc3 28. Qxh7+ Kxh7 29. Rh5# 1-0

[Event "CE Selecciones Autonómicas U14"]
[Site "Padrón"]
[Date "2017.06.24"]
[Round "5.1"]
[White "Del Rio Perezagua, Mario"]
[Black "Cespedes Llaverias, Llibert"]
[Result "0-1"]
[WhiteElo "1610"]
[BlackElo "2004"]
[PlyCount "96"]
[EventDate "2017.06.22"]
[EventType ""]
[EventRounds "6"]
[EventCountry "ESP"]
[WhiteTeam "Castilla La Mancha (U14)"]
[BlackTeam "Catalunya (U14)"]
[WhiteTeamCountry "ESP"]
[BlackTeamCountry "ESP"]

1. Nf3 Nf6 2. g3 d5 3. Bg2 Bg4 4. Ne5 Bf5 5. O-O Nbd7 6. Nf3 e5 7. d3 c6 8.
Nbd2 Bc5 9. c4 dxc4 10. Nxc4 Qc7 11. b3 O-O 12. Bb2 Rfe8 13. Rc1 Bf8 14. Ne3
Bg6 15. Nh4 Rad8 16. Nxg6 hxg6 17. Qc2 a5 18. Nd5 Nxd5 19. Bxd5 Nc5 20. Bg2 Ne6
21. Qc4 Nd4 22. Bxd4 Rxd4 23. Qc2 Ba3 24. Rb1 Qd7 25. Rfd1 Rd8 26. Ra1 Qe7 27.
Qc3 Bb4 28. Qc2 g5 29. Rac1 g4 30. Qb1 g6 31. Rc4 Kg7 32. Qc1 f5 33. Qe3 Qd6
34. Rxd4 exd4 35. Qc1 Qe5 36. Bf1 Qe7 37. Qf4 Bc3 38. Rb1 Rh8 39. Rd1 Kf6 40.
h4 gxh3 41. Kh2 g5 42. Qf3 Qe5 43. e3 dxe3 44. fxe3 g4 45. Qf4 Qxf4 46. exf4
Re8 47. Rc1 Be1 48. Rc2 Re3 0-1

[Event "CE Selecciones Autonómicas U14"]
[Site "Padrón"]
[Date "2017.06.24"]
[Round "5.2"]
[White "Ros Alonso, Joana"]
[Black "Bustos Bernardo, Diego"]
[Result "1-0"]
[WhiteElo "1961"]
[BlackElo "1591"]
[PlyCount "111"]
[EventDate "2017.06.22"]
[EventType ""]
[EventRounds "6"]
[EventCountry "ESP"]
[WhiteTeam "Catalunya (U14)"]
[BlackTeam "Castilla La Mancha (U14)"]
[WhiteTeamCountry "ESP"]
[BlackTeamCountry "ESP"]

1. e4 c5 2. Nf3 d6 3. Bb5+ Bd7 4. Bxd7+ Qxd7 5. c4 Nc6 6. Nc3 g6 7. d4 cxd4 8.
Nxd4 Bg7 9. Be3 Nf6 10. f3 O-O 11. O-O Rac8 12. b3 Rfd8 13. Rc1 Ne5 14. Qd2 Qe8
15. h3 Nfd7 16. f4 Nc6 17. Nxc6 bxc6 18. Qf2 Nc5 19. Rfd1 Bxc3 20. Bxc5 dxc5
21. Rxd8 Qxd8 22. Rxc3 Qd4 23. Re3 Rd8 24. Re1 a5 25. Qxd4 Rxd4 26. Kf2 e6 27.
g3 Kf8 28. Ke3 Ke7 29. Re2 Kd6 30. g4 Ke7 31. Rf2 f5 32. exf5 exf5 33. gxf5
gxf5 34. Rg2 Kf6 35. Rg8 Re4+ 36. Kf3 Re1 37. Ra8 Rf1+ 38. Kg3 Rd1 39. Rxa5
Rd3+ 40. Kg2 Rd2+ 41. Kf3 Rd3+ 42. Kf2 Rxh3 43. Rxc5 Rh2+ 44. Ke3 h5 45. Rxc6+
Ke7 46. Ra6 h4 47. Kf3 h3 48. Kg3 Rh1 49. c5 h2 50. Kg2 Rc1 51. Kxh2 Rxc5 52.
Kg3 Rc3+ 53. Kh4 Rc5 54. Kg5 Rb5 55. Rf6 Ra5 56. a4 1-0

[Event "CE Selecciones Autonómicas U14"]
[Site "Padrón"]
[Date "2017.06.24"]
[Round "5.3"]
[White "Roldan Hernandez, Lucia"]
[Black "Riu Lopez, Sergio"]
[Result "0-1"]
[WhiteElo "1502"]
[BlackElo "1941"]
[PlyCount "80"]
[EventDate "2017.06.22"]
[EventType ""]
[EventRounds "6"]
[EventCountry "ESP"]
[WhiteTeam "Castilla La Mancha (U14)"]
[BlackTeam "Catalunya (U14)"]
[WhiteTeamCountry "ESP"]
[BlackTeamCountry "ESP"]

1. e4 c5 2. Nf3 g6 3. d4 cxd4 4. Nxd4 Bg7 5. Be3 Nc6 6. Nc3 Nf6 7. f3 O-O 8. g4
Qb6 9. Rb1 Nxe4 10. fxe4 Bxd4 11. Nd5 Qa5+ 12. b4 Qxa2 13. Bxd4 Nxd4 14. Nxe7+
Kg7 15. Qxd4+ f6 16. Rc1 Qe6 17. Nd5 Qxg4 18. Bd3 b6 19. Ra1 Qh4+ 20. Kd1 Bb7
21. Nc7 Rac8 22. Nb5 Qg4+ 23. Kc1 a6 24. Nd6 Rc7 25. Nxb7 Rxb7 26. Rxa6 Qg2 27.
Qg1 Qf3 28. h4 Rc8 29. Kb2 Rbc7 30. Ra3 b5 31. Qf1 Qe3 32. Qe1 Qd4+ 33. Kb1 Rb8
34. h5 g5 35. h6+ Kg8 36. Qg3 Qxb4+ 37. Ka2 Rbc8 38. Rc1 Rc3 39. Ra7 Qc5 40.
Qg4 Qxa7+ 0-1

[Event "CE Selecciones Autonómicas U14"]
[Site "Padrón"]
[Date "2017.06.24"]
[Round "5.4"]
[White "Lisiewicz Jornet, Julia"]
[Black "Caparros Armand, M Isabel"]
[Result "1-0"]
[WhiteElo "1595"]
[BlackElo "1255"]
[PlyCount "91"]
[EventDate "2017.06.22"]
[EventType ""]
[EventRounds "6"]
[EventCountry "ESP"]
[WhiteTeam "Catalunya (U14)"]
[BlackTeam "Castilla La Mancha (U14)"]
[WhiteTeamCountry "ESP"]
[BlackTeamCountry "ESP"]

1. e4 e5 2. c4 Nc6 3. d3 Nf6 4. Be3 Be7 5. h3 O-O 6. Nf3 d6 7. Be2 Be6 8. O-O
Qd7 9. Nc3 Bd8 10. Nd5 Ne8 11. a3 Ne7 12. Ng5 c6 13. Nxe6 Qxe6 14. Bg4 f5 15.
Nxe7+ Bxe7 16. Bxf5 Qf7 17. Qd2 d5 18. cxd5 cxd5 19. Qc2 Nd6 20. Bg4 dxe4 21.
dxe4 b6 22. Rac1 Qg6 23. Qb3+ Kh8 24. f3 h5 25. Qe6 Qxe6 26. Bxe6 Rf6 27. Bd5
Rb8 28. Bg5 Rbf8 29. Bxf6 Rxf6 30. Rc7 Bd8 31. Rd7 Rf8 32. Rxd6 Bg5 33. Rd7 b5
34. Kh1 a6 35. Rf7 Rc8 36. Rf5 Bh6 37. Rxe5 g6 38. Re6 Kh7 39. Rxa6 Rf8 40. e5
Re8 41. Re1 Bf4 42. Ra7+ Kh6 43. e6 Bd6 44. e7 Bc5 45. Rd7 Bb6 46. Bf7 1-0

[Event "CE Selecciones Autonómicas U14"]
[Site "Padrón"]
[Date "2017.06.24"]
[Round "5.1"]
[White "Jaramago Ledo, Javier"]
[Black "Reguillaga Elias, Manex"]
[Result "1-0"]
[WhiteElo "1535"]
[BlackElo "1817"]
[PlyCount "145"]
[EventDate "2017.06.22"]
[EventType ""]
[EventRounds "6"]
[EventCountry "ESP"]
[WhiteTeam "Extremadura (U14)"]
[BlackTeam "Euskadi (U14)"]
[WhiteTeamCountry "ESP"]
[BlackTeamCountry "ESP"]

1. d4 e6 2. e4 d5 3. exd5 exd5 4. Bd3 Bd6 5. Nf3 Nf6 6. O-O O-O 7. c3 Bg4 8.
Bg5 Nbd7 9. Nbd2 c6 10. Qc2 Qc7 11. Rfe1 h6 12. Bh4 Rfe8 13. Bg3 Bxf3 14. Nxf3
Rxe1+ 15. Rxe1 Re8 16. Rxe8+ Nxe8 17. Qe2 Nef6 18. Bxd6 Qxd6 19. Ne5 c5 20.
Nxd7 Nxd7 21. dxc5 Qxc5 22. Bc2 b5 23. g3 Kf8 24. Bb3 d4 25. cxd4 Qxd4 26. Qxb5
Nb6 27. Qf5 Qd7 28. Qxd7 Nxd7 29. Kf1 Ke7 30. Ke2 Ne5 31. f4 Nd7 32. Ke3 f6 33.
Kd4 Kd6 34. Bc4 g5 35. b4 Nf8 36. fxg5 fxg5 37. a4 Ng6 38. b5 Ne5 39. Be2 Nd7
40. a5 Ne5 41. Ke4 Ke6 42. b6 axb6 43. axb6 h5 44. Bxh5 Nc4 45. Bg4+ Kf6 46.
Kd5 Nxb6+ 47. Kc5 Na4+ 48. Kb4 Nb6 49. Kc5 Na4+ 50. Kd4 Nb6 51. Ke4 Nc4 52. Kd4
Nd6 53. Kd5 Nf7 54. Ke4 Nd6+ 55. Kf3 Nf7 56. Bh5 Ne5+ 57. Ke4 Nd7 58. Bg4 Nf8
59. Bf5 Kf7 60. Kf3 Kg7 61. Kg4 Kf6 62. h3 Ng6 63. Bxg6 Kxg6 64. Kf3 Kf5 65.
Ke3 Ke5 66. g4 Kd5 67. Kd3 Ke5 68. Ke3 Kd5 69. Kf3 Ke5 70. Kg3 Kf6 71. Kf2 Ke5
72. Kg3 Kd5 73. h4 1-0

[Event "CE Selecciones Autonómicas U14"]
[Site "Padrón"]
[Date "2017.06.24"]
[Round "5.2"]
[White "Manterola Ubillos, Josu"]
[Black "Gonzalez Munoz, Angel"]
[Result "1/2-1/2"]
[WhiteElo "1674"]
[BlackElo "1408"]
[PlyCount "97"]
[EventDate "2017.06.22"]
[EventType ""]
[EventRounds "6"]
[EventCountry "ESP"]
[WhiteTeam "Euskadi (U14)"]
[BlackTeam "Extremadura (U14)"]
[WhiteTeamCountry "ESP"]
[BlackTeamCountry "ESP"]

1. e4 c5 2. Nc3 e6 3. f4 Nc6 4. Nf3 a6 5. a4 d5 6. e5 Qb6 7. d3 Nh6 8. Be2 Be7
9. O-O Bd7 10. Kh1 O-O 11. Bd2 Rac8 12. Qe1 Nd4 13. Qc1 Nhf5 14. g4 Nxf3 15.
Rxf3 Nd4 16. Rh3 Bc6 17. Bf1 f5 18. exf6 Bxf6 19. a5 Qc7 20. Bg2 g6 21. Qd1 Bg7
22. Ne2 Nxe2 23. Qxe2 Rce8 24. Re3 Qd6 25. Re1 Bd7 26. c4 d4 27. Rh3 Bc6 28.
Bxc6 Qxc6+ 29. Qe4 Qxe4+ 30. Rxe4 e5 31. fxe5 Rxe5 32. Rxe5 Bxe5 33. Kg2 Bf4
34. Bxf4 Rxf4 35. Rg3 g5 36. h3 Kg7 37. Rf3 Rf6 38. Rxf6 Kxf6 39. Kf3 Ke5 40.
Kg3 Ke6 41. Kf3 Ke5 42. b3 h6 43. Kg3 Kf6 44. Kf3 Ke5 45. Kg3 Ke6 46. Kf3 Ke5
47. Kg3 Kf6 48. Kf3 Ke5 49. Kg3 1/2-1/2

[Event "CE Selecciones Autonómicas U14"]
[Site "Padrón"]
[Date "2017.06.24"]
[Round "5.1"]
[White "Sainz Allo, Javier"]
[Black "Gomez Carreno, Martin"]
[Result "0-1"]
[WhiteElo "1369"]
[BlackElo "2051"]
[PlyCount "74"]
[EventDate "2017.06.22"]
[EventType ""]
[EventRounds "6"]
[EventCountry "ESP"]
[WhiteTeam "La Rioja (U14)"]
[BlackTeam "Galicia (U14)"]
[WhiteTeamCountry "ESP"]
[BlackTeamCountry "ESP"]

1. e4 c5 2. Nf3 Nc6 3. d4 cxd4 4. Nxd4 Nf6 5. Nc3 e5 6. Nb3 Bb4 7. f3 d5 8.
exd5 Nxd5 9. Bd2 Bf5 10. Bb5 Bxc3 11. Bxc6+ bxc6 12. Bxc3 O-O 13. Qd2 Nxc3 14.
Qxc3 Qg5 15. Qd2 Qxd2+ 16. Kxd2 Rad8+ 17. Kc3 Rd5 18. Rad1 Rfd8 19. Rde1 f6 20.
Rhf1 Bg6 21. f4 e4 22. g4 f5 23. g5 Bf7 24. Rf2 Rb5 25. Re3 a5 26. Rd2 Bd5 27.
a4 Rb4 28. Rd4 Rbb8 29. Nxa5 c5 30. Rd2 Ra8 31. Nb3 Rxa4 32. Rd1 g6 33. Ra1
Bxb3 34. Rxa4 Bxa4 35. b3 Bb5 36. h4 Rd1 37. Kb2 Rf1 0-1

[Event "CE Selecciones Autonómicas U14"]
[Site "Padrón"]
[Date "2017.06.24"]
[Round "5.2"]
[White "Fernandez Lopez, Ruben"]
[Black "Saenz Villalta, Celia"]
[Result "1-0"]
[WhiteElo "1982"]
[BlackElo "1275"]
[PlyCount "93"]
[EventDate "2017.06.22"]
[EventType ""]
[EventRounds "6"]
[EventCountry "ESP"]
[WhiteTeam "Galicia (U14)"]
[BlackTeam "La Rioja (U14)"]
[WhiteTeamCountry "ESP"]
[BlackTeamCountry "ESP"]

1. e4 e5 2. Nf3 Nc6 3. Bb5 a6 4. Ba4 Nf6 5. O-O Bc5 6. c3 Be7 7. Re1 O-O 8.
Bxc6 dxc6 9. Nxe5 Bd6 10. Nf3 Ng4 11. h3 Ne5 12. d4 Nxf3+ 13. Qxf3 Re8 14. Bf4
Bxf4 15. Qxf4 Re6 16. Nd2 Rg6 17. Kh1 Be6 18. Re3 Qf6 19. Qxf6 Rxf6 20. Rf3 Rg6
21. Nf1 Re8 22. Ng3 Bd7 23. Re1 Be6 24. b3 b5 25. Rfe3 a5 26. d5 cxd5 27. exd5
Kf8 28. dxe6 Rgxe6 29. Rxe6 Rxe6 30. Rxe6 fxe6 31. Kg1 g6 32. Kf1 Ke7 33. Ke2
Kd6 34. Ne4+ Ke5 35. Ng5 h5 36. Ke3 Kf5 37. h4 Ke5 38. g3 c6 39. f3 Kd5 40. Nh3
Ke5 41. Nf4 Kf5 42. a4 bxa4 43. bxa4 c5 44. Kd3 e5 45. Nxg6 Kxg6 46. Ke4 Kf6
47. g4 1-0

[Event "CE Selecciones Autonómicas U14"]
[Site "Padrón"]
[Date "2017.06.24"]
[Round "5.3"]
[White "Iglesias Abroma, Carla"]
[Black "Quintas Fernandez, Paula"]
[Result "1-0"]
[WhiteElo "1224"]
[BlackElo "1331"]
[PlyCount "63"]
[EventDate "2017.06.22"]
[EventType ""]
[EventRounds "6"]
[EventCountry "ESP"]
[WhiteTeam "La Rioja (U14)"]
[BlackTeam "Galicia (U14)"]
[WhiteTeamCountry "ESP"]
[BlackTeamCountry "ESP"]

1. e4 e5 2. Bc4 Nc6 3. Nf3 Bc5 4. d3 Nf6 5. c3 h6 6. O-O O-O 7. a4 d6 8. b4
Bxb4 9. cxb4 Nxb4 10. Qb3 Nc6 11. Nh4 Nd4 12. Qa2 Qd7 13. Be3 Ne6 14. Nf5 Qd8
15. Qd2 Ng4 16. Nc3 c6 17. d4 Qf6 18. d5 cxd5 19. Nxd5 Qd8 20. Bxh6 Nxh6 21.
Nxh6+ gxh6 22. Qxh6 f6 23. Qg6+ Kh8 24. Ra3 Ng5 25. f4 Nh7 26. f5 Qd7 27. Rh3
Qg7 28. Rff3 Bd7 29. Rfg3 Qxg6 30. fxg6 Bxh3 31. g7+ Kg8 32. Nxf6# 1-0

[Event "CE Selecciones Autonómicas U14"]
[Site "Padrón"]
[Date "2017.06.24"]
[Round "5.4"]
[White "Fernandez Carneiro, Ana"]
[Black "Fernandez Alvarez, Mario"]
[Result "1-0"]
[WhiteElo "1268"]
[BlackElo "1103"]
[PlyCount "59"]
[EventDate "2017.06.22"]
[EventType ""]
[EventRounds "6"]
[EventCountry "ESP"]
[WhiteTeam "Galicia (U14)"]
[BlackTeam "La Rioja (U14)"]
[WhiteTeamCountry "ESP"]
[BlackTeamCountry "ESP"]

1. e4 e5 2. Nf3 Nc6 3. Bb5 a6 4. Ba4 Bb4 5. c3 Ba5 6. O-O Nge7 7. d3 b5 8. Bb3
h6 9. Be3 O-O 10. d4 Ng6 11. dxe5 Ncxe5 12. Nxe5 Nxe5 13. Qd5 Nc6 14. Bc5 Qe8
15. Bxf8 Qxf8 16. Nd2 Bb7 17. Nf3 Ne7 18. Qxb7 Rb8 19. Qxa6 Nc6 20. c4 Rb6 21.
cxb5 Rxa6 22. bxa6 Qa8 23. Bc4 Nb4 24. Ne5 Qxe4 25. a7 Qa8 26. Nxf7 Kf8 27.
Rad1 d5 28. a3 dxc4 29. Rd8+ Qxd8 30. Nxd8 1-0

[Event "CE Selecciones Autonómicas U14"]
[Site "Padrón"]
[Date "2017.06.24"]
[Round "5.1"]
[White "Quispe Arteaga, Gabriel"]
[Black "Aledo Yanguas, David"]
[Result "1/2-1/2"]
[WhiteElo "2294"]
[BlackElo "2015"]
[PlyCount "49"]
[EventDate "2017.06.22"]
[EventType ""]
[EventRounds "6"]
[EventCountry "ESP"]
[WhiteTeam "Madrid (U14)"]
[BlackTeam "Valencia (U14)"]
[WhiteTeamCountry "ESP"]
[BlackTeamCountry "ESP"]

1. d4 d5 2. Nf3 e6 3. e3 Nf6 4. c4 Nbd7 5. Bd3 b6 6. O-O Bb7 7. b3 Bd6 8. Bb2
O-O 9. Nc3 a6 10. Qe2 Ne4 11. Nd2 f5 12. f4 Ndf6 13. cxd5 exd5 14. Nf3 Nxc3 15.
Bxc3 Ne4 16. Bb2 Rf6 17. Ne5 Rh6 18. Bxe4 fxe4 19. Ng4 Re6 20. f5 Re8 21. f6
Rf8 22. Nh6+ gxh6 23. Qg4+ Kf7 24. Qh5+ Kg8 25. Qg4+ 1/2-1/2

[Event "CE Selecciones Autonómicas U14"]
[Site "Padrón"]
[Date "2017.06.24"]
[Round "5.2"]
[White "Carbonell Sancho, Marc"]
[Black "Guillo Longares, Cecilia"]
[Result "1-0"]
[WhiteElo "1921"]
[BlackElo "2017"]
[PlyCount "59"]
[EventDate "2017.06.22"]
[EventType ""]
[EventRounds "6"]
[EventCountry "ESP"]
[WhiteTeam "Valencia (U14)"]
[BlackTeam "Madrid (U14)"]
[WhiteTeamCountry "ESP"]
[BlackTeamCountry "ESP"]

1. e4 c5 2. Nf3 Nc6 3. d4 cxd4 4. Nxd4 g6 5. c4 Bg7 6. Nc2 Nf6 7. Nc3 d6 8. Be2
Nd7 9. Bd2 a5 10. O-O Nc5 11. f3 O-O 12. Rb1 Be6 13. b3 f5 14. exf5 Bxf5 15.
Rc1 Nb4 16. Ne3 Bd3 17. Ned5 Bf5 18. Bg5 Nc6 19. Qd2 Ne6 20. Bh4 Qe8 21. g4 g5
22. gxf5 gxh4 23. fxe6 h3 24. Kh1 Rc8 25. Rg1 Kh8 26. Ne4 Ne5 27. Qg5 Ng6 28.
Qh5 Nf4 29. Nxf4 Rxf4 30. Qxh3 1-0

[Event "CE Selecciones Autonómicas U14"]
[Site "Padrón"]
[Date "2017.06.24"]
[Round "5.3"]
[White "Ingunza Curro, Andres"]
[Black "Galvan Cipriani, Viviana"]
[Result "1-0"]
[WhiteElo "1965"]
[BlackElo "1892"]
[PlyCount "83"]
[EventDate "2017.06.22"]
[EventType ""]
[EventRounds "6"]
[EventCountry "ESP"]
[WhiteTeam "Madrid (U14)"]
[BlackTeam "Valencia (U14)"]
[WhiteTeamCountry "ESP"]
[BlackTeamCountry "ESP"]

1. e4 c5 2. Nf3 Nc6 3. d4 cxd4 4. Nxd4 Nf6 5. Nc3 e5 6. Ndb5 h6 7. Nd6+ Bxd6 8.
Qxd6 Qe7 9. Qxe7+ Kxe7 10. Be3 d6 11. O-O-O a6 12. Bc4 Be6 13. Bb3 Na5 14. Bd5
Nxd5 15. Nxd5+ Bxd5 16. Rxd5 b5 17. b3 Rhc8 18. Rhd1 Rc6 19. f4 Ke6 20. fxe5
dxe5 21. c4 Rac8 22. c5 Nb7 23. b4 a5 24. a3 axb4 25. axb4 Ra6 26. Rd7 Rca8 27.
R1d5 Ra1+ 28. Kd2 R8a2+ 29. Kd3 Rd1+ 30. Kc3 Ra3+ 31. Kb2 Rxd5 32. exd5+ Kxd7
33. Kxa3 Nd8 34. g4 h5 35. g5 f5 36. g6 Ke7 37. Kb3 Nb7 38. c6 Nd6 39. Bc5 f4
40. Kc3 e4 41. c7 Kd7 42. Bxd6 1-0

[Event "CE Selecciones Autonómicas U14"]
[Site "Padrón"]
[Date "2017.06.24"]
[Round "5.4"]
[White "Sanleon Pravisano, Nieves"]
[Black "Zhou, Lulu"]
[Result "1/2-1/2"]
[WhiteElo "1838"]
[BlackElo "1964"]
[PlyCount "47"]
[EventDate "2017.06.22"]
[EventType ""]
[EventRounds "6"]
[EventCountry "ESP"]
[WhiteTeam "Valencia (U14)"]
[BlackTeam "Madrid (U14)"]
[WhiteTeamCountry "ESP"]
[BlackTeamCountry "ESP"]

1. d4 d5 2. c4 e6 3. Nf3 Nf6 4. Nc3 c6 5. Bg5 Nbd7 6. e3 Be7 7. Bd3 O-O 8. O-O
h6 9. Bh4 b6 10. h3 Bb7 11. Rc1 Rc8 12. Qe2 c5 13. cxd5 exd5 14. Rfd1 Ne4 15.
Bxe7 Qxe7 16. Bb1 cxd4 17. Nxe4 dxe4 18. Nxd4 Nc5 19. Qg4 f5 20. Qg6 Rf6 21.
Qh5 Rcf8 22. g3 a5 23. a3 Ba6 24. Ba2+ 1/2-1/2

[Event "CE Selecciones Autonómicas U14"]
[Site "Padrón"]
[Date "2017.06.25"]
[Round "6.1"]
[White "Cuellar Montes, Alejandro"]
[Black "Del Rio Perezagua, Mario"]
[Result "1-0"]
[WhiteElo "1942"]
[BlackElo "1610"]
[PlyCount "45"]
[EventDate "2017.06.22"]
[EventType ""]
[EventRounds "6"]
[EventCountry "ESP"]
[WhiteTeam "Andalucia (U14)"]
[BlackTeam "Castilla La Mancha (U14)"]
[WhiteTeamCountry "ESP"]
[BlackTeamCountry "ESP"]

1. d4 Nf6 2. c4 g6 3. Nc3 Bg7 4. e4 d6 5. f4 c5 6. d5 O-O 7. Nf3 Nbd7 8. Bd3 a6
9. O-O b5 10. cxb5 axb5 11. Bxb5 Ba6 12. Bxa6 Rxa6 13. Qe2 Qa8 14. e5 Ne8 15.
e6 Nb6 16. exf7+ Rxf7 17. Ng5 Nc7 18. Nxf7 Kxf7 19. f5 Kg8 20. fxg6 hxg6 21.
Qxe7 Nbxd5 22. Qf7+ Kh8 23. Rf3 1-0

[Event "CE Selecciones Autonómicas U14"]
[Site "Padrón"]
[Date "2017.06.25"]
[Round "6.2"]
[White "Roldan Hernandez, Lucia"]
[Black "Wang Qiu, Laura"]
[Result "1-0"]
[WhiteElo "1502"]
[BlackElo "1554"]
[PlyCount "131"]
[EventDate "2017.06.22"]
[EventType ""]
[EventRounds "6"]
[EventCountry "ESP"]
[WhiteTeam "Castilla La Mancha (U14)"]
[BlackTeam "Andalucia (U14)"]
[WhiteTeamCountry "ESP"]
[BlackTeamCountry "ESP"]

1. e4 d6 2. d4 Nf6 3. Nc3 c6 4. h3 g6 5. Nf3 Bg7 6. Bc4 O-O 7. O-O b5 8. Bb3 b4
9. e5 dxe5 10. dxe5 bxc3 11. exf6 Bxf6 12. bxc3 Bxc3 13. Rb1 Ba6 14. Bh6 Re8
15. Qxd8 Rxd8 16. Rfd1 Nd7 17. Ng5 Ne5 18. Ne4 Bd4 19. Bg5 Kf8 20. Bh6+ Kg8 21.
Bg5 Nc4 22. Bxc4 Bxc4 23. Rb4 Be5 24. Rxd8+ Rxd8 25. f4 Bd4+ 26. Kh2 Bb5 27.
Bxe7 a5 28. Rxb5 Re8 29. Rb7 Kg7 30. Nd6 Ra8 31. Ne4 h6 32. c3 Be3 33. Bf6+ Kg8
34. Be5 Kf8 35. Nd6 Ra7 36. Rb8+ Ke7 37. Nc8+ Ke6 38. Nxa7 Bxa7 39. Ra8 Be3 40.
Rxa5 f6 41. Bb8 Bd2 42. Rc5 Kd7 43. Rc4 Kc8 44. Bd6 Kb7 45. Bf8 h5 46. Bg7 g5
47. fxg5 fxg5 48. g4 h4 49. Rc5 Kb6 50. Rf5 c5 51. Bf6 Kb5 52. Bd4 Bf4+ 53. Kg2
Bd6 54. Rxg5 Kc4 55. Bf6 Bf4 56. Rh5 Bg3 57. g5 Be1 58. g6 Bxc3 59. Bxc3 Kxc3
60. Rxc5+ Kb4 61. Rf5 Ka3 62. g7 Kxa2 63. g8=Q+ Kb2 64. Qc8 Kb3 65. Rb5+ Ka4
66. Qa6# 1-0

[Event "CE Selecciones Autonómicas U14"]
[Site "Padrón"]
[Date "2017.06.25"]
[Round "6.3"]
[White "Castro Marquez, Andrea"]
[Black "Rivera Rodriguez, Luis Fernando"]
[Result "0-1"]
[WhiteElo "1531"]
[BlackElo "1387"]
[PlyCount "82"]
[EventDate "2017.06.22"]
[EventType ""]
[EventRounds "6"]
[EventCountry "ESP"]
[WhiteTeam "Andalucia (U14)"]
[BlackTeam "Castilla La Mancha (U14)"]
[WhiteTeamCountry "ESP"]
[BlackTeamCountry "ESP"]

1. d4 d5 2. c4 c6 3. Nf3 Nf6 4. Bg5 Nbd7 5. Nc3 e6 6. e4 dxe4 7. Nxe4 Bb4+ 8.
Nfd2 Bxd2+ 9. Qxd2 h6 10. Nxf6+ Nxf6 11. Bf4 a6 12. a4 Bd7 13. Be2 b5 14. axb5
cxb5 15. cxb5 Bxb5 16. Bxb5+ axb5 17. O-O O-O 18. Rxa8 Qxa8 19. h3 Rd8 20. Qd3
Nd5 21. Bd2 b4 22. Qg3 Kh8 23. f4 Qa7 24. Kh1 Qxd4 25. Bc1 Nf6 26. Kh2 Ne4 27.
Qh4 Rc8 28. Qe7 Nd6 29. Qd7 Rxc1 30. Rxc1 Qxf4+ 31. g3 Qd2+ 32. Kg1 Qxc1+ 33.
Kf2 Qxb2+ 34. Ke3 Qe5+ 35. Kf3 Qd5+ 36. Ke2 b3 37. Qd8+ Kh7 38. Qb6 Qd2+ 39.
Kf3 b2 40. Kg4 Qd1+ 41. Kh4 g5# 0-1